Hunyadi-Vas Gergely ügyvéd, országgyűlési képviselő gratuláló levele Szent-Györgyi Alberthez

Elmentve itt :
Bibliográfiai részletek
Szerző: Hunyadi-Vas Gergely
Dokumentumtípus: Kézirat
Megjelent: 1937-10-31
Kulcsszavak:Levelezés - Hunyadi-Vas Gergely - Szent-Györgyi Albert, Nobel-díj - 1937
Online Access:http://misc.bibl.u-szeged.hu/71094
LEADER 00709ntm a2200169 i 4500
001 misc71094
005 20241202143720.0
008 230306s1937 hu o 000 hun d
040 |a SZTE Miscellanea Repozitórium  |b hun 
041 |a hun 
100 2 |a Hunyadi-Vas Gergely 
245 1 0 |a Hunyadi-Vas Gergely ügyvéd, országgyűlési képviselő gratuláló levele Szent-Györgyi Alberthez  |h [elektronikus dokumentum] /  |c  Hunyadi-Vas Gergely 
260 |c 1937-10-31 
300 |a 2 fol. 
561 |a Szent-Györgyi Albert gratuláló levelek 
695 |a Levelezés - Hunyadi-Vas Gergely - Szent-Györgyi Albert, Nobel-díj - 1937 
856 4 0 |u http://misc.bibl.u-szeged.hu/71094/1/gratulalo_levelek_058.pdf  |z Dokumentum-elérés